Größte Fußballstadien Deutschlands - Statistiken

Allgemein
  • Dieses Quiz wurde 3.428 mal gespielt
  • Das Durchschnittsergebnis liegt bei 10 aus 36
Antwortstatistiken
Plätze Stadion % Korrekt
75.000 Allianz Arena
95%
81.359 Signal Iduna Park
95%
74.649 Olympiastadion Berlin
79%
62.271 Veltins-Arena
67%
57.000 Volksparkstadion
59%
60.441 Mercedes-Benz Arena
58%
42.358 Weser Stadion
52%
51.500 Commerzbank-Stadion
50%
50.374 RheinEnergieStadion
45%
44.345 Red Bull Arena
42%
54.067 Stadion im Borussia-Park
41%
30.210 BayArena
40%
49.780 Fritz-Walter-Stadion
35%
30.000 Volkswagen Arena
30%
49.000 HDI-Arena
26%
29.546 Millerntor-Stadion
20%
30.660 WWK Arena
17%
29.448 rewirpowerStadion
11%
32.960 Tivoli
11%
54.600 ESPRIT Arena
10%
29.754 Ostseestadion
10%
27.300 SchücoArena
10%
29.699 Wildparkstadion
9%
26.022 Carl-Benz-Stadion
8%
50.000 Grundig Stadion
8%
31.500 Schauinsland-Reisen-Arena
8%
30.164 Wirsol Rhein-Neckar-Arena
8%
34.034 Coface Arena
5%
32.066 Stadion Dresden
4%
27.250 MDCC-Arena
3%
35.303 Ludwigsparkstadion
2%
34.500 Grotenburg-Stadion
1%
28.000 Rosenaustadion
1%
25.000 Stadion Rote Erde
1%
30.000 Billtalstadion
0%
32.000 Stadion am Schloss Strünkede
0%
Keine übereinstimmenden Quizze gefunden
Verteilung der Resultate
Anzahl Personen mit jedem Resultat
Perzentil nach korrekt beantworteten Fragen
Ihre Resultats-Entwicklung
Sie haben dieses Quiz noch nicht gespielt